Sports Quiz

Random Sports or Baseball Quiz

MLB all-time strikeouts leaders Quiz Stats

 Plays Quiz not verified by Sporcle

Support Sporcle.
Go Orange.
Score 0/10 Timer 05:00
0 Plays Today
strikeout leaders % Correct
Nolan Ryan
100%
Randy Johnson
93%
Roger Clemens
88.4%
Steve Carlton
72.1%
Walter Johnson
67.4%
Tom Seaver
62.8%
Bert Blyleven
60.5%
Greg Maddux
55.8%
Don Sutton
32.6%
Gaylord Perry
32.6%

You're not logged in!

Compare scores with friends on all Sporcle quizzes.
OR
Log In

From the Vault

50% Words

by sproutcm

Someone is going to get a bargain buying up all these discounted words.
Remove Ads.
Support Sporcle.
Get the best of Sporcle when you Go Orange. This ad-free experience offers more features, more stats, and more fun while also helping to support Sporcle. Thank you for becoming a member.

Show Comments

Extras

Top Quizzes Today


Score Distribution

Your Account Isn't Verified!

In order to create a playlist on Sporcle, you need to verify the email address you used during registration. Go to your Sporcle Settings to finish the process.

Report this User

Report this user for behavior that violates our Community Guidelines.

Details: